The handbook of board governance : a comprehensive guide for public, private and not for profit board members /

Bibliographic Details
Other Authors: Leblanc, Richard, 1965- (Editor)
Format: eBook
Language:English
Published: Hoboken, New Jersey : Wiley, [2020]
Edition:Second edition.
Subjects:
Online Access:Click to View
LEADER 01703nam a2200397 i 4500
001 EBC6166907
003 MiAaPQ
005 20200721032236.0
006 m o d |
007 cr cnu||||||||
008 200721s2020 nju o 001 0 eng d
020 |z 9781119537168 
020 |a 9781119536994 (e-book) 
035 |a (MiAaPQ)EBC6166907 
035 |a (Au-PeEL)EBL6166907 
035 |a (OCoLC)1141944828 
040 |a MiAaPQ  |b eng  |e rda  |e pn  |c MiAaPQ  |d MiAaPQ 
050 4 |a HD2741  |b .H363 2020 
082 0 |a 330.03  |2 23 
245 0 4 |a The handbook of board governance :  |b a comprehensive guide for public, private and not for profit board members /  |c Richard LeBlanc, editor. 
250 |a Second edition. 
264 1 |a Hoboken, New Jersey :  |b Wiley,  |c [2020] 
264 4 |c 2020 
300 |a 1 online resource (lviii, 1,413 pages) 
336 |a text  |b txt  |2 rdacontent 
337 |a computer  |b c  |2 rdamedia 
338 |a online resource  |b cr  |2 rdacarrier 
500 |a Includes index. 
588 |a Description based on print version record. 
590 |a Electronic reproduction. Ann Arbor, MI : ProQuest, 2018. Available via World Wide Web. Access may be limited to ProQuest affiliated libraries. 
650 0 |a Corporate governance  |v Handbooks, manuals, etc. 
655 4 |a Electronic books. 
700 1 |a Leblanc, Richard,  |d 1965-  |e editor. 
776 0 8 |i Print version:  |t Handbook of board governance : a comprehensive guide for public, private and not for profit board members.  |b Second edition.  |d Hoboken, New Jersey : Wiley, c2020   |h lviii, 1413 pages   |z 9781119537168 
797 2 |a ProQuest (Firm) 
856 4 0 |u https://ebookcentral.proquest.com/lib/matrademy/detail.action?docID=6166907  |z Click to View